| 000 | 01234njm a2200325 c 4500 | ||
|---|---|---|---|
| 003 | BLK | ||
| 005 | 20180421002416.0 | ||
| 008 | 180410b bul||n||s|||||||| n|bulo| | ||
| 010 | _aCDD00002226000 | ||
| 040 | _aBLK | ||
| 041 |
_aBUL _cENG _hENG |
||
| 080 |
_aАнглийски език _b811.111 _x-3(086.76) _z811.111-3(086.76) |
||
| 139 |
_a[Хиляда и петстотин] 1500 английски думи за 10 дни _bХ 49 |
||
| 245 | 1 | 0 | _a[Хиляда и петстотин] 1500 английски думи за 10 дни [CD-ROM] |
| 257 | _aBGR | ||
| 260 |
_аСофия _bСофтПрес _c2006 |
||
| 300 |
_a(655 МВ) _bзв. _c12 см |
||
| 380 | _a80 | ||
| 500 | _aИзт. : Загл. екран ; Обложка. - Дигитално изд. - Към кн. със сигн. Цб 230623, Ч3 802.0/Х 49 | ||
| 590 | _aS.N: 70298 от КНИГИ | ||
| 650 | 4 |
_aАнглийски език - лексика - учебни помагала _9274453 |
|
| 653 | _aанглийски език | ||
| 653 | _aCD-ROM | ||
| 653 | _aлексика | ||
| 852 |
_aЦб CD 1103 _p0 |
||
| 856 | 4 |
_qpdf _u |
|
| 856 | 4 |
_qpdf _u |
|
| 942 |
_cCDD _n0 _01 |
||
| 944 |
_aCR _c28.12.2006 _kТеодора_Стоянова |
||
| 944 |
_aED _c09.01.2007 _k |
||
| 999 |
_c219803 _d219803 |
||